Anime Test - Statistics

General Stats
  • This quiz has been taken 3,563 times
    3,549 since last reset
  • The average score is 17 of 60
Answer Stats
Hints Animes % Correct
Death via a note book Death Note
94%
Ninjas Naruto
94%
Pirates One Piece
93%
Alchemy Full Metal Alchemist
76%
To eat 100 souls Soul Eater
76%
Titans Attack on Titan
73%
Shinigami Bleach
73%
KA-ME-HA-ME-HA!!!!!! Dragon Ball Z
70%
High School & Zombies Highschool of the Dead
63%
Hunters, Gon Hunter X Hunter
62%
Spike and Jet bounty hunters, cowboys Cowboy Bebop
54%
Cell Phone Diaries of the Future Mirai Nikki
50%
Taiga Toradora
48%
Aincrad Sword Art Online
47%
Mages Fairy Tail
46%
Ciel Phantomhive Kuroshitsuji
43%
The Son of Satan Ao no Exorcist
41%
Light Music Club K-ON
41%
Mad Scientist Hououin Kyouma Steins; Gate
36%
Samurai with an Afro Afro Samurai
35%
Alucard Hellsing
35%
Quest for the Holy Grail Fate Zero
30%
A girl to taken to a spirit bath house Spirited Away
30%
Demons, The Church and Fallen Angels Highschool DXD
29%
Ikari Shinji, Rei Ayanami Eva - 01 Neon Genesis Evangelion
29%
Based on a game, P__sona _ Persona 4
27%
IZAYA!!!!!!! Durarara!!!
26%
Knightmare frames Code Geass
25%
Super Duper Highschool of Despair, Based on a game Danganronpa
22%
Vash de Stampede Trigun
22%
The President as a Maid Kaichou wa Maid Sama
21%
Manga Artists Bakuman
20%
A deadly game using bombs BTOOOM!
16%
I am Curious!! Hyouka
15%
Neo Armstrong Cyclone Jet Armstrong Cannon Gintama
14%
Drama about 5 people body switching Kokoro Connect
11%
Hatsune Miku Sings the opening Black Rock Shooter
10%
God is a Girl The Melancholy of Haruhi Suzumiya
10%
Part time work at a restaurant Working!!
10%
God of Conquest The World God Only Knows
9%
Brain Burst Accel World
8%
Kuronuma Sawako, Reaching You Kimi ni Todoke
8%
1/2 Priced Lunches Ben-To
7%
Overlord working Hataraku Maou Sama
7%
Roanapur Black Lagoon
6%
Reality be bent, Break Synapse, Banishment this World!! Chuunibyou Demo Koi Ga Shitai
6%
Logic being broken, Hamlet, the Tempest, Blast of the ___ Zetsuen no Tempest
6%
10 Billion Yen to save Japan Eden of the East
5%
the most famous suggestion box Medaka Box
5%
Throwing Galaxies at Each other Tengen Toppa Gurren Lagann
5%
A Story about Monsters Bakemonogatari
4%
The Neighbour's Club Boku wa Tomodachi ga Sukunai
4%
The Dorm for Misfits that allows cats Sakurasou no Pet na Kanojo
4%
Life Counselling Ore no Imouta ga Konnani Kawaii Wake ga Nai
3%
The World of OZ Summer Wars
3%
God of Misfortune Binbougami Ga
2%
Koko Hekmatyar Jormungand
2%
NEET Investigations Kamisama no Memochou
2%
Hey, Do you know how fast a cherry blossom falls 5 centimetres a second
1%
Samurai Girls Falling in Love Maji de Watashi ni Koi Shinasai
0%
No matching quizzes found
Score Distribution
Percent of People with Each Score
Percentile by Number Answered
Your Score History
You have not taken this quiz since the last reset